[Event "Saint Quentin op"]
[Site "Saint Quentin"]
[Date "2000.??.??"]
[Round "7"]
[White "Baume, Christophe"]
[Black "Simon, Olivier"]
[Result "0-1"]
[WhiteElo "2078"]
[BlackElo "2160"]
[PlyCount "100"]
[EventDate "2000.??.??"]
[EventType "swiss"]
[EventRounds "9"]
[EventCountry "FRA"]
[SourceTitle "EXT 2001"]
[Source "ChessBase"]
[SourceDate "2000.11.22"]
[SourceVersion "1"]
[SourceVersionDate "2000.11.22"]
[SourceQuality "1"]

1. e4 c5 2. c3 d5 3. exd5 Qxd5 4. d4 cxd4 5. cxd4 Nc6 6. Nf3 e5 7. Nc3 Bb4 8. Bd2 Bxc3 9. Bxc3 e4 10. Nd2 Nf6 11. Nc4 Be6 12. Ne3 Qd7 13. Qa4 Nd5 14. Bc4 0-0 15. Qb3 Nxe3 16. fxe3 Bxc4 17. Qxc4 Rad8 18. 0-0 Qd5 19. Qxd5 Rxd5 20. Rf4 Re8 21. Raf1 f6 22. g4 h5 23. h4 hxg4 24. Rxg4 Kf7 25. Rff4 f5 26. Rg5 Kf6 27. Rf2 Nd8 28. Rfg2 Ne6 29. Rg6+ Kf7 30. Be1 Rh8 31. R6g3 Rc8 32. Kh2 Rc1 33. Bc3 Rf1 34. Rg1 Rxg1 35. Rxg1 g6 36. Rc1 Kf6 37. Be1 Rd7 38. Bg3 g5 39. hxg5+ Kxg5 40. Rg1 Rh7+ 41. Kg2 f4 42. exf4+ Nxf4+ 43. Kf1 Rc7 44. Be1+ Kf5 45. Rg3 Rc1 46. Rc3 Rd1 47. Rc2 e3 48. Rc7 Ke4 49. Rxb7 Kf3 50. Rb3 Ng2 0-1

[Event "Val Thorens op"]
[Site "Val Thorens"]
[Date "1995.??.??"]
[Round "?"]
[White "Fontaine, Robert"]
[Black "Baume, Christophe"]
[Result "1-0"]
[WhiteElo "2285"]
[BlackElo "1950"]
[PlyCount "101"]
[EventDate "1995.??.??"]
[EventType "swiss"]
[EventRounds "9"]
[EventCountry "FRA"]
[SourceTitle "EXT 1999"]
[Source "ChessBase"]
[SourceDate "1998.11.16"]
[SourceVersion "1"]
[SourceVersionDate "1998.11.16"]
[SourceQuality "1"]

1. e4 g6 2. d4 d6 3. Nc3 c6 4. f4 d5 5. e5 h5 6. Nf3 Bg4 7. Be3 e6 8. Bd3 Nd7 9. 0-0 Bh6 10. h3 Bxf3 11. Qxf3 Ne7 12. g4 hxg4 13. hxg4 Qb6 14. Rab1 0-0-0 15. b4 a6 16. a4 Qc7 17. Rb3 f5 18. g5 Bxg5 19. fxg5 Nxe5 20. Qf4 Nxd3 21. Qxc7+ Kxc7 22. cxd3 Rh3 23. Bf4+ Kd7 24. Ne2 Rdh8 25. Kg2 Nc8 26. Rf3 R3h4 27. Rb1 Nd6 28. Rg1 Nf7 29. Kf2 R8h5 30. Rfg3 Rh2+ 31. R1g2 Rh1 32. Ng1 R5h4 33. Ke3 b6 34. Nf3 Rh5 35. Rg1 R1h3 36. Rxh3 Rxh3 37. Kf2 Kc8 38. Kg2 Rh5 39. Rh1 Rxh1 40. Kxh1 Kb7 41. Ne5 Nxe5 42. Bxe5 a5 43. bxa5 b5 44. axb5 cxb5 45. Bd6 Kc6 46. Bb4 Kb7 47. Kg2 Kc6 48. Kf3 Kb7 49. Kf4 Kc6 50. Ke5 Kb7 51. Bd2 1-0